Vyhliadka a vinárstvo, Pezinok

Guardado en:
Detalles Bibliográficos
Autor principal: Bršel, Samuel (Autor)
Otros Autores: Ilkovič, Ján (Orientador)
Formato: Manuscrito Libro
Lenguaje:eslovaco
Publicado: 2024
Materias:
Acceso en línea:http://is.stuba.sk/zp/portal_zp.pl?podrobnosti=161723
Etiquetas: Agregar Etiqueta
Sin Etiquetas, Sea el primero en etiquetar este registro!

MARC

LEADER 00000ntm a22000003a 4500
001 stuzp98338
003 SK-STU
005 20240615210859.9
007 ta
008 150427s2015----xo-----f-mn---000-0-slo-d
040 |a STU  |b slo 
041 0 |a slo 
100 1 |a Bršel, Samuel  |u 054140  |4 aut  |U FAD Fakulta architektúry a dizajnu  |T FAD Ústav konštrukcií v architektúre a inžinierskych stavieb  |X 109994  |U A4140  |Y 395  |7 109994 
242 0 1 |a Lookout Point and Winery, Pezinok  |y eng 
245 1 0 |a Vyhliadka a vinárstvo, Pezinok 
260 |c 2024 
650 4 |a Pezinok  |2 slo 
650 4 |a Vinárstvo  |2 slo 
650 4 |a Vyhliadka  |2 slo 
650 4 |a Winery  |2 eng 
650 4 |a Lookout  |2 eng 
650 4 |a Pezinok  |2 eng 
700 1 |a Ilkovič, Ján  |u 054140  |k Z1  |4 ths  |U FAD Fakulta architektúry a dizajnu  |T FAD Ústav konštrukcií v architektúre a inžinierskych stavieb  |X 418  |U A4140  |Y 395  |7 A000000418 
856 4 |u http://is.stuba.sk/zp/portal_zp.pl?podrobnosti=161723